[Event "ISR-ch op"]
[Site "Ramat Aviv"]
[Date "1999.??.??"]
[Round "6"]
[White "Zak, Uriel"]
[Black "Avrukh, Boris"]
[Result "0-1"]
[WhiteElo "2357"]
[BlackElo "2609"]
[Annotator "Avrukh,B"]
[PlyCount "64"]
[EventDate "1999.03.28"]
[EventType "swiss"]
[EventRounds "9"]
[EventCountry "ISR"]
[SourceTitle "CBM 070"]
[Source "ChessBase"]
[SourceDate "1999.06.08"]
[SourceVersion "1"]
[SourceVersionDate "1999.06.08"]
[SourceQuality "1"]

1. e4 d6 2. d4 g6 3. c3 Bg7 4. Bc4 Nf6 5. Qe2 Nc6 6. Nf3 Bg4 (6... e5 7. dxe5
Nxe5 8. Nxe5 dxe5 9. O-O O-O 10. b3 $6 {[%cal Gc1a3]} (10. Bg5 $142) 10... Nh5
{[%cal Gh5f4]} 11. g3 Bh3 12. Rd1 Qf6 13. Nd2 Rfd8 14. Nf1 Rxd1 15. Qxd1 Bf8
$36 {[%cal Gf8c5] 0-1 Shaked,T-Ivanov,A/Philadelphia 1993/EXT 93op (28)}) 7. h3
Bxf3 8. Qxf3 O-O 9. Bg5 (9. O-O e5 10. Bb5 $6 (10. Rd1 Nd7 11. Be3 Kh8 {
[%cal Gf7f5]} 12. Bb5 f5 $1 13. Bxc6 bxc6 14. exf5 gxf5 15. Qxc6 f4 16. Bc1 f3
$1 $44 {0-1 Lev,R-Avrukh,B/Israel 1997/EXP 58 (43)}) 10... exd4 11. Bxc6 bxc6
12. cxd4 Nd7 13. Rd1 c5 14. dxc5 Nxc5 15. Nc3 Re8 $17 {[%csl Ye4] 0-1 Zaderman,
Y-Levtchouk,G/North Bay CAN 1998 (35)}) 9... Nd7 (9... e5 $6 10. d5 Nb8 11. O-O
h6 12. Bh4 Nbd7 13. Nd2 (13. Bb5 $5 {[%cal Gb5d7]} Qc8 14. c4 $14 {[%cal Gb1c3]
}) 13... a6 14. a4 Qe8 15. a5 Nh7 16. Bd3 $14 {1/2-1/2 Barle,J-Loncar,R/
Maribor 1996/CBM 55 (39)}) (9... h6 10. Bh4 Na5 11. Be2 c5 12. d5 $14) 10. h4
$5 {[%mdl 128] Interesting idea-white trying to use this fact,that after last
my move my king has only one defender.White's attack looks very dangerous,but
don't forget , that white's king in the centre and white still not complete
developing of their piecies.} (10. O-O h6 11. Bh4 (11. Be3 e5 12. Rd1 (12. d5
Ne7 {[%cal Gf7f5]}) 12... Kh8 {[%cal Gf7f5]}) 11... Qe8 {[%cal Ge7e5]} (11...
Na5 $5 12. Be2 c5 13. dxc5 dxc5 $13) 12. Na3 a6 (12... e5 13. Nb5) 13. Nc2 e5
14. Rad1 Kh8 $132 {[%cal Gf7f5]}) 10... Nb6 11. Bd5 $2 (11. Bb3 $142 Na5 12.
Bc2 (12. h5 Nxb3 13. axb3 h6 (13... Qd7 {[%csl Yh3]}) 14. Be3 g5 {and black is
fine}) 12... h6 13. Bc1 c5 14. dxc5 (14. d5 e6) 14... dxc5 15. h5 g5 $11) 11...
h6 12. h5 $6 (12. Bc1 $142 e6 13. Bb3 Na5 $15) 12... Nxd5 (12... hxg5 13. hxg6
Nxd5 14. exd5 Nb8 15. Qh3 fxg6 16. Qh7+ Kf7 17. Rh6 Rg8 18. Nd2 $44 {[%cal
Gd2e4]} (18. Qxg6+ Kf8 19. Qf5+ Bf6 $17)) 13. exd5 Nxd4 $1 {This move was my
idea} 14. cxd4 hxg5 15. Nc3 (15. hxg6 fxg6 16. Qh3 Qc8 $1 $17) (15. Qh3 g4 $1 (
15... Qc8 16. g4 gxh5 17. Qxh5 Re8 18. Nc3 e5 19. O-O-O exd4 20. Ne4 $1 $44)
16. Qxg4 Qc8 17. Qe4 Qf5 $17 {[%csl Yd4]}) 15... Qc8 {[%cal Gc8f5][%mdl 256]} (
15... Qd7) 16. g4 f5 17. Qd3 (17. hxg6 Qe8 $1 (17... fxg4 18. Rh8+ $1 Bxh8 19.
Qh1 Rf7 $8 (19... Kg7 20. Qh7+ Kf6 21. Ne4+ Kf5 22. g7+ $18) 20. gxf7+ Kxf7 21.
Qh7+ Bg7 22. Ne4 Qh8 23. Nxg5+ Ke8 24. Qg6+ Kd7 25. Qf5+ Ke8 26. Ne6 Qh1+ 27.
Ke2 (27. Kd2 Bh6+ 28. Kc2 Qxa1) 27... Qf3+ 28. Qxf3 gxf3+ 29. Kxf3 $16) 18.
gxf5 Qxg6 $17) 17... c5 $1 {The only idea for black -to open the position as
far as possible!} (17... fxg4 $140 $2 18. h6 Bf6 19. Qxg6+ Kh8 20. O-O-O $36)
18. Ne2 (18. dxc6 Qe6+ $1) 18... e6 19. O-O-O (19. hxg6 fxg4 20. Qe4 Re8 $1 $17
) 19... exd5 20. hxg6 (20. h6 Bf6) 20... fxg4 $19 {[%cal Gc8f5] The game is
over white has nothing for two pawns and black's idea Qf5 force white to give
up the third one.} 21. Ng3 cxd4+ 22. Kb1 Qc4 $1 23. Rh7 (23. Qd2 d3 {[%cal
Gc4c2]} 24. Rc1 Qd4 {[%csl Gf2]} 25. Rh2 Rac8 $19) 23... Qxd3+ 24. Rxd3 Rxf2
25. Nh5 Rf1+ 26. Kc2 Be5 27. Rxb7 Rc8+ 28. Kd2 (28. Kb3 Rf3 $19) 28... Rcf8 29.
Kc2 R1f2+ 30. Kb3 R2f3 31. Kc2 Rh3 32. Rh7 Rf2+ 0-1

[Event "EU-Cup 18th"]
[Site "Kallithea"]
[Date "2002.09.22"]
[Round "1.3"]
[White "Hoelzl, Franz"]
[Black "Krasenkow, Michal"]
[Result "0-1"]
[WhiteElo "2393"]
[BlackElo "2662"]
[Annotator "Avrukh,B"]
[PlyCount "54"]
[EventDate "2002.09.22"]
[EventType "team-swiss"]
[EventRounds "7"]
[EventCountry "GRE"]
[SourceTitle "CBM 092"]
[Source "ChessBase"]
[SourceDate "2003.02.06"]
[SourceVersion "1"]
[SourceVersionDate "2003.02.06"]
[SourceQuality "1"]
[WhiteTeam "Klagenfurt"]
[BlackTeam "Warsaw Polonia"]
[WhiteTeamCountry "AUT"]
[BlackTeamCountry "POL"]

1. Nf3 g6 2. d4 Bg7 3. e4 d6 4. Bd3 e5 5. Bg5 Ne7 (5... f6 6. Bh4 Qe7 $6 (6...
Ne7 $142) 7. O-O (7. c3) 7... h5 {[%cal Gg6g5]} 8. Bg3 g5 9. dxe5 dxe5 10. h4
g4 11. Nfd2 Be6 12. Nc3 $32 {[%cal Gc3d5] 1-0 Stratil,P-Maciejewski,M/Gdynia
1989/EXT 97 (31)}) 6. c3 O-O (6... f6 7. Be3 Be6 (7... O-O) 8. Qa4+ $6 {
strange idea} c6 9. c4 exd4 $6 (9... O-O 10. O-O f5 $1) 10. Nxd4 Bf7 11. Nc3
Nd7 12. O-O O-O 13. Be2 (13. Rad1 $142 $14) 13... d5 $1 14. exd5 cxd5 15. Nxd5
Nxd5 16. cxd5 Nb6 $11 {1/2-1/2 Pilaj,H-Soln,P/Charleville 2000/CBM 79 ext (41)}
) 7. O-O h6 8. Be3 ({Deserve attention} 8. Bh4 $5 g5 $140 (8... Nbc6 $5) 9. Bg3
g4 $6 10. Nh4 exd4 11. Be2 $1 $36) 8... exd4 $6 {Objectively, to give in the
centre in this position not the best desicion,but it's very easy to understand
Krasenkow,who tries to complicate the position.} (8... f5 {was a logical
alternative to the text move} 9. dxe5 dxe5 10. Qe2 (10. exf5 gxf5 11. Bc4+ Kh8
(11... Kh7 12. Qc2 $13 (12. Ng5+ $2 hxg5 13. Qh5+ Bh6 14. Bxg5 Qd6 $17)) 12.
Qe2 Qe8 $1 $13) (10. Bc4+ Kh7 11. Bc5 Nd7 $1 12. Ba3 fxe4 13. Nfd2 Nf6 {
black is ok}) 10... Nd7 {with complicated play}) (8... Nbc6 $5) 9. Bxd4 $6 {
this move gives white some kind of space advantage in the future,but in fact
nothing special and black easily will get normal play.} ({The principal way
was:} 9. cxd4 $1 f5 (9... d5 10. e5 Nf5 11. Nc3 $1 Nxe3 12. fxe3 $16 {[%csl
Rg7]}) 10. Qb3+ $1 (10. Nc3 fxe4 11. Bxe4 d5 $11) 10... Kh7 (10... Kh8 $5) 11.
Nc3 fxe4 (11... f4 $143 12. Bd2 Nbc6 13. Ne2 $1 Bg4 14. d5 $1 $16) 12. Nxe4 (
12. Bxe4 Nd7 {[%cal Gd7f6]} (12... c6 13. d5 $1) 13. Rfe1 Nf6 14. Bd3 c6 $13)
12... Nf5 13. Rac1 {and white prospects are much better}) (9. Nxd4 Nbc6 $11)
9... Nec6 $1 (9... Nbc6 10. Bxg7 Kxg7 11. Nbd2 $14 {[%csl Re7] and black
remains with passive knight on e7.}) 10. Bxg7 Kxg7 11. Nbd2 (11. c4 Bg4 12. Be2
(12. Nc3 Nd4 $1) 12... Qf6 (12... Nd7 13. Nc3 Nc5 $13) 13. Nc3 Bxf3 14. Bxf3
Nd4 $132) 11... Nd7 12. Nb3 (12. Nc4 {[%cal Gc4e3]} Nde5 $1 $11) 12... b6 {
[%cal Gc8b7]} (12... Nde5 $5) 13. Nfd4 Bb7 (13... Nce5 $6 14. f4 $1 Nxd3 15.
Qxd3 (15. Nc6 Nxb2) 15... Bb7 16. Rae1 $14) 14. Re1 (14. Nxc6 Bxc6 15. Nd4 Bb7
16. Re1 (16. f4 Nc5 {[%csl Ge4]}) 16... Re8 17. Bc2 Nc5 18. f3 Qf6 $11) 14...
Nce5 15. Bf1 Nc5 $11 16. Qc2 (16. f4 Ned7) 16... Qf6 17. Rad1 Rae8 18. Nxc5 {
This exchange clearly change the character of the game and unfortunately not
in white favour.} (18. Nd2 d5 $11) (18. f3 $142 $1 {[%cal Gc2f2] with
dynamical equality}) 18... bxc5 19. Nb5 {[%cal Gb5c7]} Re7 20. b4 $2 {White
starts his play,but clearly underestimates black resources on the kingside.} (
20. Nxa7 $2 c6 {[%csl Ra7][%cal Gf8a8]}) (20. f3 Qf4 $1 21. Qf2 a6 22. Na3 f5
$36) (20. Qd2 $142 $1 a6 21. Na3 Qh4 22. f3 f5 23. f4 (23. exf5 Rxf5 {[%cal
Gf5h5] very dangerous for white}) 23... Nd7 24. g3 Qf6 25. exf5 Rxe1 26. Rxe1
Qxf5 27. Nc4 $11) 20... Qh4 {[%cal Gf7f5]} (20... Qg5 {also deserve attention})
21. bxc5 dxc5 22. c4 $1 (22. Na3 f5 $36) (22. f3 f5 23. exf5 Nxf3+ 24. gxf3
Rxe1 $19) 22... f5 23. exf5 $2 {This is really a sucide decision,the opening
of the h1-a8 diagonal gives black decisive attack on white king.} (23. Qb2 $1
Kh7 $1 (23... fxe4 $6 24. Nxc7 $1) (23... Qf6 $6 24. exf5 gxf5 (24... Nf3+ 25.
gxf3 Qxb2 26. Rxe7+ Kg8 27. Rxc7 Bxf3 28. Rd6 $36) 25. Nc3 $14 {[%cal Gb2b7]})
(23... Bxe4 24. f3 Qf6 25. Qf2 $1 {[%cal Gf2c5] white is not worse}) 24. Nc3 $1
Bxe4 25. Nd5 Rfe8 $3 (25... Bxd5 26. Rxe5) 26. Rxe4 (26. Nxe7 $2 Nf3+ 27. gxf3
Qg5+ {wins}) 26... fxe4 (26... Qxe4 $2 27. Nf6+) 27. Nxe7 Rxe7 $15) 23... Rxf5
$40 24. Qb2 Kh7 $1 25. Re3 ({Doesn't help} 25. h3 Nf3+ $1 26. gxf3 Rg5+ 27. Bg2
Rxg2+ $1 28. Kxg2 Bxf3+ 29. Kh2 Qf4+ 30. Kg1 Qg5+ {[%cal Gg5g2]}) 25... Ref7
26. f3 (26. Rg3 Ng4 {wining exchange}) 26... Nxf3+ $1 {Nice blow to finish the
game} 27. gxf3 (27. Rxf3 Bxf3 28. gxf3 Rxf3 {[%cal Gf3f2]} 29. Qg2 R3f5 {
[%cal Gf5g5]} 30. Kh1 Rf2 $19) 27... Qg5+ (27... Qg5+ 28. Kf2 Bxf3) 0-1

[Event "Ubeda op 5th"]
[Site "Ubeda"]
[Date "2000.01.23"]
[Round "5"]
[White "Lobzhanidze, Davit"]
[Black "Rashkovsky, Nukhim N"]
[Result "1/2-1/2"]
[WhiteElo "2444"]
[BlackElo "2523"]
[Annotator "Avrukh,B"]
[PlyCount "83"]
[EventDate "2000.01.19"]
[EventType "swiss"]
[EventRounds "10"]
[EventCountry "ESP"]
[SourceTitle "CBM 075"]
[Source "ChessBase"]
[SourceDate "2000.04.05"]
[SourceVersion "1"]
[SourceVersionDate "2000.04.05"]
[SourceQuality "1"]

1. e4 g6 2. d4 Bg7 3. Nc3 d6 4. f4 a6 5. Nf3 b5 6. Bd3 Bb7 7. e5 (7. Qe2 Nd7 (
7... c5 $5) 8. e5 c5 9. e6 (9. Ng5 $1 {[%cal Ge5e6]}) 9... fxe6 10. Ng5 Bxd4
11. Nxb5 (11. Qxe6 Nf8) (11. Nxh7 $142 $13) 11... axb5 12. Qxe6 Nb8 $8 13.
Bxb5+ Bc6 14. Bxc6+ Nxc6 15. Nf7 Qd7 16. Qxd7+ Kxd7 17. c3 Bg7 18. Be3 Nf6 19.
Nxh8 Bxh8 $17 {0-1 Solleveld,M-Burnett,R/Groningen NED 1999 (44)}) 7... c5 (
7... e6 8. a4 $1 (8. Be4 $5) 8... b4 9. Ne4 Ne7 10. O-O $16 O-O 11. Qe1 $1 $16
{Yudasin. 1-0 Aseev,K-Rashkovsky,N/St. Petersburg 1998/CBM 67/[Yudasin, L] (38)
}) (7... Nd7 8. O-O (8. e6 $6 fxe6 9. Ng5 Nf8 10. Be4 $13) 8... c5 (8... e6 {
-7...e6}) 9. exd6 exd6 10. Re1+ Ne7 11. Be4 Bxe4 12. Nxe4 Nf6 $11) 8. e6 $2 {
Very unfortunate desicion,white only opens black bishop on g7 and doesn't get
any profit.} (8. dxc5 dxc5 9. O-O {was logical way to fight for the advantage})
8... f5 $1 9. dxc5 (9. O-O cxd4 10. Ne2 Nc6 $15) 9... dxc5 10. Be3 Qc8 $146 ({
Also very strong} 10... Qd6 11. O-O (11. Be2 Qxe6 12. Bxc5 Bxf3 $1 13. gxf3 Nc6
$17 {[%csl Gf3,Gf4]}) 11... c4 12. Be2 Qxe6 13. Bf2 Qc6 $1 $17 {1/2-1/2
Sobolevsky,L-Skutta,B/Bad Zwesten GER 1999 (35)}) 11. Qd2 (11. O-O c4 12. Be2
Qxe6 {see 10...Qd6}) 11... Nf6 (11... Bxf3 12. gxf3 Qxe6 13. O-O-O Nd7 {
also was very strong}) 12. O-O-O Bxf3 13. gxf3 c4 $2 {The only black problem
in this position is a small development advantage for white.So black only
needs to custle;instead of custle black loses control on the position and
misses a nice tactical blow.} (13... O-O $1 $17) 14. Bxf5 $1 O-O (14... gxf5
15. Rhg1 $1 {[%csl Ge8]} (15. Nd5 c3 $1 16. bxc3 Nxd5 17. Qxd5 O-O 18. Qxa8
Qxc3 $19) 15... Rg8 16. Bd4 (16. Nd5 Nc6 (16... c3 17. Nxf6+ exf6 18. Qd5 $40 {
[%cal Gd5f5]}) 17. Bc5 Kf8 $13) 16... Nc6 17. Bxf6 exf6 18. Nd5 $40) 15. Bh3 $6
(15. Nd5 $142 $1 c3 (15... Nxd5 16. Qxd5 {[%csl Ga8]} Nc6 17. Be4) 16. Nxe7+
Kh8 17. Qd6 cxb2+ 18. Kb1 Qe8 19. Be4 $18) 15... Nc6 16. Ne4 $2 {[%mdl 16384]}
(16. f5 $1 b4 17. Nd5 c3 18. Qg2 cxb2+ 19. Kb1 Nxd5 20. Rxd5 Ne5 21. fxg6 Nxg6
22. Rhd1 $16) 16... Nxe4 17. fxe4 c3 $1 18. Qd7 $2 (18. bxc3 $142 Na5 $36 19.
e5 Nc4 20. Qe2 Bh6 21. Rhf1 Nxe3 22. Qxe3 Qc4 23. Kb2 Bxf4 24. Qd4 $11) 18...
cxb2+ 19. Kb1 Nb4 {Suddenly the position is changed for the second time in
this game and black gets very dangerous initiative on the queenside.} 20. Qxc8
Raxc8 21. Rd2 Rc3 22. Re1 Rfc8 (22... Ra3 23. e5 Rxa2 24. Ree2 (24. Red1 $2 Ra3
{[%csl Ge3,Gh3]} 25. Bc5 Rxf4 26. Rd8+ Bf8 27. Bxe7 Ra1+ 28. Kxb2 Rxd1 $19)
24... Rc8 25. Bd4 Ra3 26. Bg2 $11) 23. Ree2 Nxa2 $1 {[%mdl 64]} (23... Ra3 {
see 22...Ra3}) 24. e5 (24. Bd4 Bxd4 25. Rxd4 Rb3 $3 26. cxb3 Nc3+ 27. Kxb2 Nxe2
28. Rd7 Nxf4 29. Bf1 Kf8 $19) (24. Kxa2 Ra3+ $1 $19) 24... Ra3 $2 (24... Nc1 $1
25. Re1 Nb3 $1 26. Rf2 (26. Rd3 Rxd3 27. cxd3 Rc1+ 28. Bxc1 bxc1=Q+ 29. Rxc1
Nxc1 30. Kxc1 Bh6 $19) 26... Na5 $1 (26... Na1 $5 27. Ree2 $8 R8c4 28. Kxb2
Nxc2 29. Rxc2 Rxe3 30. Rxc4 bxc4 31. Bf1 c3+ (31... g5 32. fxg5) 32. Kc2 a5 33.
Bd3 $15) 27. Bf1 Nc4 28. Bxc4 R3xc4 29. Kxb2 R4c6 $17) 25. Kxb2 b4 26. Rd3 Rxd3
(26... Nc3 $2 27. Red2 a5 $140 {[%cal Ga5a4,Ga3a2]} 28. Rd8+ Rxd8 29. Rxd8+ Bf8
{[%cal Gc3a4]} 30. f5 $1 {[%cal Ge3h6]} Na4+ 31. Kc1 Rxe3 32. f6 $18) 27. cxd3
Nc3 28. Re1 a5 29. Kb3 $1 Nd5 (29... Rd8 30. Bf1) 30. Bd2 Bh6 31. Rf1 (31. Ra1
Bxf4 32. Rxa5 Bxd2 33. Rxd5 Rc3+ 34. Kxb4 Rxd3+ 35. Kc4 Rc3+ 36. Kb5 Bf4 $19)
31... Rf8 32. Bg2 (32. Ra1 Bxf4 33. Rxa5 Bxd2 34. Rxd5 Rf2 35. Rd8+ Kg7 36. Rd7
Bg5 37. Kxb4 Rxh2 $17) 32... Bxf4 (32... Nxf4 $142 33. Ra1 (33. Be4 Kg7 $1 (
33... Nxe6 $140 $4 34. Rxf8+ Bxf8 35. Bd5 $18)) 33... Kg7 34. Bxf4 Rxf4 (34...
Bxf4 35. Rxa5 Bxh2 36. Ra7) 35. h3 (35. Rxa5 Rf2 36. Be4 Rxh2) 35... Rf2 36.
Be4 Rh2 37. Rxa5 Rxh3 38. Ra7 Bg5 39. Kxb4 {and white must hold this position})
33. Bxd5 Bxd2 34. Rf7 $1 Rxf7 (34... Rd8 35. Bc4 Bg5 36. Ka4) 35. exf7+ Kf8 $11
36. e6 g5 37. h3 h5 38. Bf3 g4 39. hxg4 h4 40. Bg2 Be3 41. Kc4 Bd2 42. Kb3
1/2-1/2

[Event "EU-Cup 18th"]
[Site "Kallithea"]
[Date "2002.09.28"]
[Round "7.3"]
[White "Romero Holmes, Alfonso"]
[Black "Kantsler, Boris"]
[Result "1/2-1/2"]
[WhiteElo "2524"]
[BlackElo "2487"]
[Annotator "Avrukh,B"]
[PlyCount "98"]
[EventDate "2002.09.22"]
[EventType "team-swiss"]
[EventRounds "7"]
[EventCountry "GRE"]
[SourceTitle "CBM 092"]
[Source "ChessBase"]
[SourceDate "2003.02.06"]
[SourceVersion "1"]
[SourceVersionDate "2003.02.06"]
[SourceQuality "1"]
[WhiteTeam "Reverte Albox"]
[BlackTeam "Tel Aviv Shlomo Har Zvi"]
[WhiteTeamCountry "ESP"]
[BlackTeamCountry "ISR"]

1. e4 g6 2. Nc3 Bg7 3. h4 $5 h5 4. d4 {Analysing this game i got to very
strange conclusion:this logical move is already an unaccuracy,after which
black is getting comfortable play.} ({I would reccomend} 4. Bc4 $5 {to fight
for advantage}) 4... c6 $1 {Now black is going to play modern system,which
usually appears after 1e4-g62d4-Bg73Nc3-c6.And of course inserting of h4,h5
moves clearly in his favour,because it's weak a g4-square for white and on the
other hand h5 is a normal move there for black.} (4... d6 $143 5. Bg5 $14) 5.
Bc4 (5. Be2 d5 6. e5 Nh6 7. Bf4 Nd7 8. Bd3 $6 (8. Nf3 $142) 8... Nf8 $1 9. Nce2
Qb6 10. Bc1 Bg4 11. c3 Ne6 $15 {0-1 Bezgodov,A-Krasenkow,M/St Petersburg 1994/
CBM 41 (57)}) (5. Nf3 d5 (5... d6 $5) 6. Be2 Nh6 7. O-O O-O 8. Bf4 Bg4 $1 $11)
5... d5 $1 (5... b5 $143 $6 6. Bb3 a5 7. a3 Ba6 $2 (7... d6 $142) 8. Qf3 e6 9.
e5 $1 {[%cal Gc3e4]} d5 $8 10. exd6 Qxd6 11. Ne4 $1 Qxd4 12. Ne2 Qd7 13. Bg5
$32 Ne7 14. Bf6 O-O 15. Bxg7 Kxg7 16. Qf6+ Kg8 17. Qe5 $18 {1-0 Romero Holmes,
A-Gonzalez Merino,F/Cala Galdana 2001/CBM 84 ext (21)}) 6. exd5 b5 7. Bd3 (7.
Bb3 b4 8. Nce2 cxd5 9. Bg5 Nf6 {[%cal Gf6e4]} 10. Nf4 {[%csl Rd5]} e6 11. Nf3
Qd6 12. Nd3 O-O 13. Nfe5 Nbd7 $11 {1/2-1/2 Hickl,J-Stangl,M/Altensteig 1987/
CBM 04 (67)}) 7... b4 8. Ne4 $6 {Losing very important tempo,white should try
to organize some play on queenside ,using b4-pawn.} (8. Nce2 $142 cxd5 9. Bd2 (
9. a3 $5) 9... Qb6 (9... Nc6 $140 10. Bb5 $1) (9... a5 10. a3) 10. c4 bxc3 11.
bxc3 $13 {[%cal Ga1b1]}) 8... cxd5 9. Ng5 (9. Nf3 Bg4 $1 10. Nc5 Nd7 $15) (9.
Nc5 Nc6 10. Ne2 Nh6 11. O-O O-O $15) 9... Nc6 {[%csl Rd4]} 10. N1f3 (10. Ne2
Nh6 11. O-O O-O $15) 10... Bg4 $15 {Black got a pretty comfortable position
out of the opening.Weakness of g4-square and pawn on h4 makes black position
more attractive.} 11. c3 $1 (11. O-O Nh6 $1 (11... Nxd4 $140 $2 12. Nxd4 Bxd1
13. Bb5+ Kf8 14. Nge6+ fxe6 15. Nxe6+ Kf7 16. Nxd8+ Rxd8 17. Rxd1 Nh6 18. a3 $1
$14 {[%csl Rb5,Gc1]})) 11... Qa5 $5 {taking control under b5-square} ({I would
prefer} 11... bxc3 12. bxc3 Nh6 $15 {and not dangerous} 13. Bb5 Rc8 14. Qa4 Bd7
$1) 12. Bd2 {[%csl Ra5]} Nh6 13. O-O O-O 14. Re1 {[%csl Ge7]} (14. cxb4 {
is positionally bad} Qb6 $1 {[%csl Rd4]}) 14... e6 $6 (14... Nf5 $6 15. Bxf5
Bxf5 16. cxb4 Qb6 17. Bc3 $14) (14... Rac8 15. cxb4 $1 Qb6 16. Bc3 (16. Qb3 $5)
16... Nxd4 17. Rxe7 $13) (14... bxc3 $142 $1 {removing the tension on the
e1-a5 diagonal} 15. bxc3 Nf5 16. c4 $140 Qd8 17. cxd5 Ncxd4 $17) 15. Qc1 $1 {
[%csl Rh6]} bxc3 16. bxc3 Bf5 (16... Rac8 17. Nxe6 $1 fxe6 18. Bxh6 Bxf3 19.
Qg5 $1 $40) (16... Nf5 17. Nh2 {[%csl Rg4]} Nd6 18. Nxg4 hxg4 19. Qd1 $13) 17.
Nh3 $1 Bxd3 (17... Ng4 18. Bxf5 exf5 19. Nf4 $13) (17... Bxh3 18. Bxh6 Bg4 19.
Bxg7 Kxg7 20. Ng5 {[%csl Rg4]} Rac8 21. f3 Bf5 22. Bxf5 exf5 23. Qd2 $11) 18.
Bxh6 Rac8 19. Bxg7 Kxg7 20. Qg5 (20. Nf4 $143 Bf5 {and white queen is not in
the play}) 20... Be4 (20... Qxc3 $2 21. Nf4 {[%cal Gf4h5]} Kh7 22. Rac1 Qa3 23.
Qg3 $1 {[%cal Gf3g5,Gg3d3,Gd3a3]} Nb4 24. Rxc8 Rxc8 25. Ng5+ Kg8 26. Nfxe6 $1
$40 fxe6 $140 27. Qd6 $18 {[%cal Gd6d7]}) 21. Nf4 Rh8 (21... Bxf3 $2 22. Rxe6
$1 fxe6 23. Qxg6+ Kh8 24. Nxe6 $18) 22. Re3 {With very nice tactical play
(using black knight on h6) white created interesting play on kingside and
present position is dynamically equal. White activity compensates his
weaknesses in pawnstructure.} (22. Ne5 $143 Qd8 $1 23. Qg3 Nxe5 24. dxe5 Rc4
$15) 22... Qc7 23. Nd2 Bf5 24. Rae1 Ne7 $6 (24... Qd8 $142 25. Qg3 Na5 $13 {
look more to the point}) 25. Qg3 $6 (25. Nb3 $1 {[%cal Gb3c5]} Nc6 26. Nc5 Qd8
27. Qg3 Kh7 $1 $13 {white position looks very promising ,but it's not so clear
how to continue}) 25... Bg4 $1 {[%cal Ge7f5]} 26. Qh2 (26. f3 $2 Nf5 27. Nxe6+
fxe6 28. Qxc7+ Rxc7 29. Rxe6 Nxd4 $1 30. Re7+ Rxe7 31. Rxe7+ Kf6 32. Rxa7 (32.
Rc7 Ne6 $19) (32. Re1 Nc2 33. Rc1 Bf5 $19) 32... Nc6 33. Rc7 (33. Ra6 Bd7)
33... Rc8 $19) 26... Nf5 27. Rd3 (27. Rxe6 $2 Qxc3 $17) 27... Nd6 28. Rde3 Bf5
29. Nxd5 $2 {Just a sucide desicion to sacrifice the knight, I can suggest
only, that the situation in the match have demanded some risky action and draw
in this game wasn't good enough for the Spanish side.} (29. Qg3 $142 Bg4 $11 {
[%cal Gd6f5]} (29... Rb8 $2 30. Rxe6 $3 fxe6 31. Rxe6 $36) (29... Kh7 $5))
29... exd5 30. Re7 Qc6 31. Qe5+ Kg8 $1 (31... Kh7 32. Nf3) 32. Nf3 (32. Qf6 Rh7
$1 {[%csl Gf7]}) 32... Ne4 33. Rxa7 Rh7 $1 $19 {[%csl Gf7][%cal Gf7f6] Black
easily parried white attack and has just a very big and for sure decisive
advantage.} 34. Qe7 Re8 ({Why not} 34... Qxc3 {?}) 35. Qa3 f6 36. Ra6 Qc8 {
Looks,like white can resighn easily,but Romero Holmes managed to find a
fantastic idea,increasing the tension.} 37. Nd2 $3 Rc7 $1 {Cool answer} (37...
Nxd2 $140 $2 38. Rxe8+ Qxe8 39. Ra8 Bc8 40. Qc5 {strangely enough black cannot
win here} Kg7 $5 (40... Qe1+ 41. Kh2 Nf1+ 42. Kg1 Ne3+ 43. Kh2 Ng4+ 44. Kg3
Qxf2+ 45. Kh3 {only draw} Qe3+ 46. g3 Nf2+ 47. Kg2 Qe4+ 48. Kxf2 Qc2+ $11) 41.
Rxc8 Qe1+ 42. Kh2 Nf1+ 43. Kg1 Ne3+ 44. Kh2 Ng4+ 45. Kg3 Qxf2+ 46. Kh3 g5 47.
Qe7+ Kh6 48. hxg5+ Kxg5 49. Rg8+ Kf4 50. Qd6+ Ke3 $13) 38. Nxe4 Bxe4 (38...
dxe4 $143 39. Re3) 39. Rxf6 Rxc3 $4 {This is already simply a blunder,after
which the position turns in white favour.} (39... Qg4 $142 40. f3 $140 (40. g3
{[%csl Rf3,Rg2,Rh3]} Kg7 41. Qd6 Rxc3 $19) 40... Qxh4 {[%cal Gh4e1,Gh4f6]} 41.
Rxe4 dxe4 42. Rxg6+ Rg7 {wins}) 40. Qd6 $1 Qg4 $6 {After this move black is
just lucky to save this game.} (40... Qd8 $142 41. Rxg6+ Kf7 $1 42. Qxd8 Rxd8
43. Rg5 {and white should escape}) 41. Rxe4 $1 Qxe4 42. Rxg6+ Kh7 43. Rh6+ Kg8
44. Qf6 {Looks,like white is winning ,but....} Qe1+ (44... Qh7 45. Rxh7 Kxh7
46. Qf7+ $18) 45. Kh2 Qh1+ $3 {Starting brilliant combination with sacrificing
of 3 heavy piecies,which finally leading to statemate.} 46. Kxh1 Re1+ 47. Kh2
Rh1+ $1 48. Kxh1 Rh3+ $1 49. Kg1 Rh1+ (49... Rh1+ 50. Kxh1 {statemate}) 1/2-1/2